[Event "Managua Arellano Memorial"]
[Site "Managua"]
[Date "2023.08.06"]
[Round "8"]
[White "Rocha, Maximiliano"]
[Black "Izaba, Rodolfo"]
[Result "0-1"]
[WhiteElo "2108"]
[BlackElo "1988"]
[PlyCount "72"]
[EventDate "2023.07.22"]
[EventType "swiss"]
[EventRounds "9"]
[EventCountry "NCA"]
[SourceTitle "EXT 2024"]
[Source "ChessBase"]
[SourceDate "2023.10.10"]
[SourceVersion "1"]
[SourceVersionDate "2023.10.10"]
[SourceQuality "1"]

1. e4 c5 2. Nf3 e6 3. c3 d5 4. e5 d4 5. cxd4 cxd4 6. Qa4+ Nc6 7. Bb5 Bd7 8. Qb3 Rc8 9. Na3 Nh6 10. d3 Nf5 11. Bg5 Be7 12. Bd2 0-0 13. Nc4 Bc5 14. 0-0 a6 15. Bxc6 Bxc6 16. Qd1 b5 17. Na5 Ba8 18. Nb3 Bb6 19. Rc1 Rc7 20. Qe2 Qd5 21. Rxc7 Bxc7 22. Rc1 Bb6 23. Bb4 Re8 24. Bc5 Bd8 25. Bxd4 Nxd4 26. Nbxd4 Qxa2 27. h3 Qd5 28. Nc2 Qc6 29. Qd1 Bb6 30. Ne3 Qd7 31. Ng4 Rd8 32. Ng5 Qxd3 33. Qe1 h6 34. Qb4 hxg5 35. Qe7 Qd2 36. Rf1 Qd5 0-1

[Event "Managua Olympiad Qual1"]
[Site "Managua"]
[Date "2022.05.17"]
[Round "2"]
[White "Ortiz, Marcos"]
[Black "Izaba, Rodolfo"]
[Result "1-0"]
[WhiteElo "2266"]
[BlackElo "2008"]
[PlyCount "65"]
[EventDate "2022.05.16"]
[EventType "tourn"]
[EventRounds "9"]
[EventCountry "NCA"]
[SourceTitle "EXT 2023"]
[Source "ChessBase"]
[SourceDate "2022.10.05"]
[SourceVersion "1"]
[SourceVersionDate "2022.10.05"]
[SourceQuality "1"]

1. e4 e6 2. d4 d5 3. e5 c5 4. c3 Nc6 5. Nf3 Qb6 6. Bd3 Bd7 7. dxc5 Bxc5 8. 0-0 Qc7 9. b4 Bf8 10. Re1 Nge7 11. Bf4 Ng6 12. Bg3 a6 13. h4 h5 14. Nbd2 b5 15. a4 Rc8 16. axb5 axb5 17. Nb3 Qb6 18. Ng5 Be7 19. Nxf7 Kxf7 20. Qf3+ Kg8 21. Bxg6 Rf8 22. Ra8 Nd8 23. Qe3 Qxe3 24. fxe3 Rh6 25. Bd3 Nc6 26. Rxf8+ Bxf8 27. Bf4 Rh8 28. Ra1 Bc8 29. Bxb5 Bb7 30. Bxc6 Bxc6 31. Nd4 Bd7 32. Ra7 Bc8 33. Rc7 1-0

[Event "Managua Bayardo Muniz Memorial 4th"]
[Site "Managua"]
[Date "2022.03.13"]
[Round "5"]
[White "Berrios Vanegas, Yanko Antonio"]
[Black "Izaba, Rodolfo"]
[Result "0-1"]
[WhiteElo "1458"]
[BlackElo "2037"]
[PlyCount "102"]
[EventDate "2022.03.05"]
[EventType "tourn"]
[EventRounds "9"]
[EventCountry "NCA"]
[SourceTitle "EXT 2023"]
[Source "ChessBase"]
[SourceDate "2022.10.05"]
[SourceVersion "1"]
[SourceVersionDate "2022.10.05"]
[SourceQuality "1"]

1. e4 e5 2. Nf3 Nc6 3. Nc3 Nf6 4. Bc4 Be7 5. a3 0-0 6. d3 d6 7. h3 h6 8. Be3 Na5 9. Ba2 c5 10. Qd2 Be6 11. 0-0 Bxa2 12. Rxa2 Nc6 13. Re1 Nd4 14. Bxd4 cxd4 15. Ne2 Nh5 16. c3 dxc3 17. bxc3 f5 18. exf5 Rxf5 19. Qe3 Bg5 20. Qe4 Rf7 21. Qg4 Nf6 22. Qe6 Nh7 23. Rb2 Qd7 24. Qxd7 Rxd7 25. Reb1 b6 26. Rb5 Bd8 27. c4 a6 28. R5b3 Nf8 29. Nc3 Ne6 30. Nd5 Rb7 31. Kf1 Nc5 32. Rc3 b5 33. cxb5 axb5 34. Nd2 Ba5 35. Nb4 Rc7 36. Ke2 Rac8 37. Rbc1 d5 38. f3 Bxb4 39. axb4 Nb3 40. Rxb3 Rxc1 41. d4 exd4 42. Rd3 Re8+ 43. Kf2 Rc2 44. Rxd4 Re5 45. g3 Rb2 46. g4 g5 47. Kf1 Kf7 48. Kf2 Ke6 49. Kf1 Re3 50. Kf2 Ra3 51. Kf1 Ke5 0-1

[Event "NCA-ch sf"]
[Site "Managua"]
[Date "2022.02.13"]
[Round "2"]
[White "Vallecillo, Saul"]
[Black "Izaba, Rodolfo"]
[Result "0-1"]
[WhiteElo "1836"]
[BlackElo "2037"]
[PlyCount "54"]
[EventDate "2022.02.12"]
[EventType "swiss"]
[EventRounds "9"]
[EventCountry "NCA"]
[SourceTitle "EXT 2023"]
[Source "ChessBase"]
[SourceDate "2022.10.05"]
[SourceVersion "1"]
[SourceVersionDate "2022.10.05"]
[SourceQuality "1"]

1. e4 e5 2. Nf3 Nc6 3. Bc4 Nf6 4. Ng5 d5 5. exd5 Na5 6. Bb5+ c6 7. dxc6 bxc6 8. Bd3 Bc5 9. Ne4 Nxe4 10. Bxe4 Bxf2+ 11. Kxf2 Qh4+ 12. g3 Qxe4 13. d3 Qg6 14. Re1 0-0 15. Rxe5 c5 16. Qe1 Nc6 17. Rxc5 Bf5 18. Qe3 Rae8 19. Qf4 Bh3 20. Nc3 Re6 21. Ne4 Rfe8 22. Bd2 Ne5 23. Kg1 h6 24. Bc3 Ng4 25. Rc7 Rxe4 26. Qxf7+ Qxf7 27. Rxf7 Re2 0-1

[Event "Managua Hurtado Memorial"]
[Site "Managua"]
[Date "2021.12.27"]
[Round "2"]
[White "Izaba, Rodolfo"]
[Black "Ortiz, Marcos"]
[Result "0-1"]
[WhiteElo "2052"]
[BlackElo "2242"]
[PlyCount "42"]
[EventDate "2021.12.26"]
[EventType "tourn"]
[EventRounds "9"]
[EventCountry "NCA"]
[SourceTitle "CBM 206 Extra"]
[Source "ChessBase"]
[SourceDate "2022.03.31"]
[SourceVersion "1"]
[SourceVersionDate "2022.03.31"]
[SourceQuality "1"]

1. Nf3 d5 2. d4 Nf6 3. g3 e6 4. Bg2 b5 5. 0-0 Bb7 6. Nbd2 Nbd7 7. a4 a6 8. Re1 Nb6 9. Ne5 Nxa4 10. c4 Bd6 11. e4 0-0 12. Nxf7 Rxf7 13. e5 Bb4 14. exf6 Qxf6 15. Nf3 Bxe1 16. Qxe1 dxc4 17. Ne5 Bxg2 18. Nxf7 Kxf7 19. Kxg2 Qxd4 20. Bf4 Nxb2 21. Kg1 Nd3 0-1

[Event "NCA-chT final"]
[Site "Managua"]
[Date "2021.10.31"]
[Round "9.2"]
[White "Castillo, Rommel"]
[Black "Izaba, Rodolfo"]
[Result "1/2-1/2"]
[WhiteElo "1954"]
[BlackElo "2046"]
[PlyCount "107"]
[EventDate "2021.10.16"]
[EventType "team-tourn"]
[EventRounds "11"]
[EventCountry "NCA"]
[SourceTitle "EXT 2023"]
[Source "ChessBase"]
[SourceDate "2022.10.05"]
[SourceVersion "1"]
[SourceVersionDate "2022.10.05"]
[SourceQuality "1"]
[WhiteTeam "Granada"]
[BlackTeam "Jane Allen's Knights "]
[WhiteTeamCountry "NCA"]
[BlackTeamCountry "NCA"]

1. c4 c5 2. Nc3 Nc6 3. g3 g6 4. Bg2 Bg7 5. Nf3 Rb8 6. e3 Nf6 7. d4 b6 8. d5 Na5 9. Nd2 d6 10. h3 0-0 11. 0-0 e6 12. e4 Ba6 13. dxe6 fxe6 14. Qe2 Nc6 15. f4 Nd4 16. Qd3 Nh5 17. a4 g5 18. f5 Be5 19. Nf3 Nxf3+ 20. Rxf3 exf5 21. exf5 d5 22. Nxd5 Bd4+ 23. Kh2 Qxd5 24. cxd5 Bxd3 25. Rxd3 Rxf5 26. Rxd4 cxd4 27. g4 Rf2 28. gxh5 h6 29. h4 Rc8 30. Kg3 Rfc2 31. d6 gxh4+ 32. Kh3 Rf2 33. Bxh6 Rd8 34. Rg1 Rxd6 35. Be4+ Kf7 36. Bg6+ Ke6 37. Re1+ Kd5 38. Kxh4 Kc4 39. Kg3 Rdf6 40. Bg5 R6f3+ 41. Kg4 Rf8 42. Be7 Rg2+ 43. Kh3 Rff2 44. b4 d3 45. Rc1+ Rc2 46. Rd1 Rh2+ 47. Kg3 Rcg2+ 48. Kf3 Rf2+ 49. Kg4 Rhg2+ 50. Kh4 d2 51. b5 Kc3 52. Kh3 Rh2+ 53. Kg3 Rhg2+ 54. Kh3 1/2-1/2

[Event "NCA-chT final"]
[Site "Managua"]
[Date "2021.10.24"]
[Round "6.1"]
[White "Izaba, Rodolfo"]
[Black "Alfaro Caracas, William"]
[Result "0-1"]
[WhiteElo "2046"]
[BlackElo "2173"]
[PlyCount "61"]
[EventDate "2021.10.16"]
[EventType "team-tourn"]
[EventRounds "11"]
[EventCountry "NCA"]
[SourceTitle "EXT 2023"]
[Source "ChessBase"]
[SourceDate "2022.10.05"]
[SourceVersion "1"]
[SourceVersionDate "2022.10.05"]
[SourceQuality "1"]
[WhiteTeam "Jane Allen's Knights "]
[BlackTeam "Universidad de Ingenieria"]
[WhiteTeamCountry "NCA"]
[BlackTeamCountry "NCA"]

1. e4 c5 2. Nf3 Nc6 3. Bb5 g6 4. 0-0 Bg7 5. Nc3 Nf6 6. Re1 0-0 7. d3 d5 8. Bxc6 bxc6 9. e5 Ne8 10. h3 Nc7 11. Na4 Ne6 12. Ng5 Qa5 13. c4 dxc4 14. Bd2 Qc7 15. Nxe6 Bxe6 16. Nxc5 Rad8 17. Nxe6 fxe6 18. Qg4 cxd3 19. Qxe6+ Kh8 20. Qb3 Rd5 21. Rac1 Rfd8 22. Re4 Qd7 23. e6 Qd6 24. Qb7 Rb5 25. Qxa7 Rxb2 26. Rd1 Bf6 27. Bf4 Qd5 28. Qc7 Rf8 29. Re3 Bd4 30. Rdxd3 Bxe3 31. Rxd5 0-1

[Event "NCA Selectivo II Etapa"]
[Site "Managua"]
[Date "2021.07.11"]
[Round "9"]
[White "Alfaro Caracas, William"]
[Black "Izaba, Rodolfo"]
[Result "1-0"]
[WhiteElo "2149"]
[BlackElo "2024"]
[PlyCount "81"]
[EventDate "2021.07.03"]
[EventType "tourn"]
[EventRounds "9"]
[EventCountry "NCA"]
[SourceTitle "EXT 2022"]
[Source "ChessBase"]
[SourceDate "2021.10.06"]
[SourceVersion "1"]
[SourceVersionDate "2021.10.06"]
[SourceQuality "1"]

1. e4 e5 2. Nf3 Nc6 3. Bc4 Be7 4. d4 d6 5. dxe5 dxe5 6. Qxd8+ Bxd8 7. Nc3 Nf6 8. Be3 h6 9. 0-0-0 Be6 10. Bd5 Nd7 11. Nd2 0-0 12. Nb3 Nb6 13. Bxc6 bxc6 14. Na5 Bd7 15. Rd3 Bg5 16. Bxg5 hxg5 17. Rhd1 Be8 18. f3 f6 19. b3 Kf7 20. Nb1 Rh8 21. h3 Nc8 22. Rd8 Nb6 23. Rxa8 Nxa8 24. Rd8 Nb6 25. Nxc6 a6 26. Nc3 Rh6 27. Nb4 Ke7 28. Rd2 c6 29. Nxa6 f5 30. Nc5 g4 31. hxg4 fxg4 32. a4 gxf3 33. gxf3 Rh1+ 34. Rd1 Rh3 35. a5 Nd7 36. Nxd7 Bxd7 37. Na4 Rxf3 38. Nb6 Bg4 39. a6 Rf8 40. a7 Bxd1 41. Kxd1 1-0

[Event "NCA Selectivo II Etapa"]
[Site "Managua"]
[Date "2021.07.10"]
[Round "8"]
[White "Izaba, Rodolfo"]
[Black "Ortiz, Marcos"]
[Result "1/2-1/2"]
[WhiteElo "2024"]
[BlackElo "2243"]
[PlyCount "166"]
[EventDate "2021.07.03"]
[EventType "tourn"]
[EventRounds "9"]
[EventCountry "NCA"]
[SourceTitle "EXT 2022"]
[Source "ChessBase"]
[SourceDate "2021.10.06"]
[SourceVersion "1"]
[SourceVersionDate "2021.10.06"]
[SourceQuality "1"]

1. e4 c6 2. d4 d5 3. Nc3 dxe4 4. Nxe4 Nf6 5. Nxf6+ exf6 6. h3 Bd6 7. Nf3 0-0 8. Bd3 Re8+ 9. Be3 Na6 10. 0-0 Nb4 11. c4 Nxd3 12. Qxd3 Be6 13. Rfd1 Qd7 14. d5 cxd5 15. cxd5 Bxh3 16. gxh3 Qxh3 17. Nd2 Re5 18. Nf1 Qg4+ 19. Ng3 Qf3 20. Qe2 Rxe3 21. Qxe3 Qxe3 22. fxe3 Bxg3 23. d6 Rd8 24. Rac1 Kf8 25. d7 Ke7 26. Rc4 Rxd7 27. Rxd7+ Kxd7 28. Rg4 Be5 29. Rxg7 Bxb2 30. Rxf7+ Kc6 31. Rxh7 a5 32. Kf2 b5 33. Ke2 Kc5 34. Rh4 b4 35. Kd3 Kb5 36. Kc2 Be5 37. Kb3 a4+ 38. Kc2 Kc5 39. Kd3 Kb5 40. Re4 b3 41. axb3 axb3 42. Rh4 Kc5 43. Kd2 Bb2 44. Kd3 Kb5 45. Kd2 Be5 46. Kc1 Bc3 47. Kb1 Kc5 48. Rf4 Kd5 49. Rh4 Kc5 50. Rg4 Kb5 51. Rh4 Be5 52. Rg4 Kc5 53. Rh4 Bc3 54. Rf4 Kd5 55. Rh4 Ke6 56. Rh5 f5 57. Rh6+ Bf6 58. Rh7 Be5 59. Rb7 b2 60. Rb5 Bf6 61. Kc2 Bg5 62. e4 Bf6 63. Rxf5 Bd4 64. Rh5 Bg7 65. Rb5 Bd4 66. Kd3 Be5 67. Rb6+ Kd7 68. Kc4 Kc7 69. Rb3 Kc6 70. Rb5 Kd6 71. Rd5+ Kc6 72. Rd1 Bf6 73. Kb3 Be5 74. Kc2 Bf6 75. Rd5 Bg7 76. Rg5 Bd4 77. Rg6+ Kc5 78. Re6 Bg7 79. Rg6 Bd4 80. Rg5+ Kc6 81. Rh5 Bg7 82. Rg5 Bd4 83. Rg6+ Kc5 1/2-1/2

[Event "NCA Selectivo II Etapa"]
[Site "Managua"]
[Date "2021.07.08"]
[Round "6"]
[White "Izaba, Rodolfo"]
[Black "Rocha, Maximiliano"]
[Result "1-0"]
[WhiteElo "2024"]
[BlackElo "2111"]
[PlyCount "69"]
[EventDate "2021.07.03"]
[EventType "tourn"]
[EventRounds "9"]
[EventCountry "NCA"]
[SourceTitle "EXT 2022"]
[Source "ChessBase"]
[SourceDate "2021.10.06"]
[SourceVersion "1"]
[SourceVersionDate "2021.10.06"]
[SourceQuality "1"]

1. e4 e5 2. Nf3 Nc6 3. Bb5 Nf6 4. d3 Bc5 5. 0-0 d6 6. c3 0-0 7. Nbd2 a6 8. Ba4 Ba7 9. h3 Ne7 10. Re1 Ng6 11. d4 b5 12. Bc2 Nh5 13. Nxe5 dxe5 14. Qxh5 f6 15. Nf3 exd4 16. cxd4 Bb7 17. Be3 Qe7 18. e5 Bxf3 19. Qxf3 Rad8 20. Qg4 f5 21. Bxf5 Qb4 22. d5 Qxg4 23. Bxg4 Bxe3 24. Rxe3 Nf4 25. Rd1 h5 26. e6 Rfe8 27. Bf3 Kf8 28. Re4 g5 29. Re5 c6 30. Rxg5 Nxd5 31. Re5 Ke7 32. Bxh5 Nf4 33. Rd7+ Kf6 34. Bxe8 Rxe8 35. Re1 1-0

[Event "NCA Selectivo II Etapa"]
[Site "Managua"]
[Date "2021.07.04"]
[Round "2"]
[White "Diego Martinez, Humberto Jose"]
[Black "Izaba, Rodolfo"]
[Result "1/2-1/2"]
[WhiteElo "2081"]
[BlackElo "2024"]
[PlyCount "225"]
[EventDate "2021.07.03"]
[EventType "tourn"]
[EventRounds "9"]
[EventCountry "NCA"]
[SourceTitle "EXT 2022"]
[Source "ChessBase"]
[SourceDate "2021.10.06"]
[SourceVersion "1"]
[SourceVersionDate "2021.10.06"]
[SourceQuality "1"]

1. e4 e5 2. Nf3 Nc6 3. d4 exd4 4. Nxd4 Bc5 5. Nxc6 Qf6 6. Qf3 Qxf3 7. gxf3 dxc6 8. Be3 Bxe3 9. fxe3 Nf6 10. Nd2 0-0 11. 0-0-0 Re8 12. Nb3 a5 13. a3 a4 14. Nd4 Ra5 15. Rd2 Kf8 16. Bc4 g6 17. Rhd1 Rc5 18. Bf1 Rh5 19. Bc4 g5 20. Rf2 Bd7 21. Ne2 Be6 22. Bxe6 fxe6 23. c4 e5 24. Ng3 Rh3 25. Kc2 h5 26. Rg1 Kf7 27. Ne2 Kg6 28. Rgg2 Kh6 29. Ng1 Rh4 30. h3 Rd8 31. Rh2 Rg8 32. Ne2 Ne8 33. Ng3 Ng7 34. Kc3 Rf8 35. Kb4 Ra8 36. Kc3 Kg6 37. Kd3 Rh8 38. Ke2 g4 39. f4 Rxh3 40. Rxh3 gxh3 41. Kf3 Rf8 42. Rh2 h4 43. Ne2 exf4 44. exf4 Ne6 45. Kg4 Nc5 46. Nc3 Nd3 47. f5+ Kf6 48. Kxh3 Ke5 49. Rd2 Ne1 50. Rd7 Kf4 51. Rg7 Nf3 52. Rg4+ Ke3 53. Nxa4 Rd8 54. Nc3 Ne5 55. Rg7 Kf4 56. f6 Rd3+ 57. Kxh4 Nf3+ 58. Kh5 Ne5 59. Ne2+ Kxe4 60. Ng3+ Kf4 61. f7 Rd8 62. Ne2+ Kf5 63. Nd4+ Kf6 64. Rh7 Nxf7 65. Nb3 Rd3 66. Rxf7+ Kxf7 67. Na5 Rd2 68. b3 Rd3 69. Nxb7 Rxb3 70. Nd8+ Ke8 71. Nxc6 Rxa3 72. Kg5 Re3 73. Kf4 Re1 74. Ne5 Ke7 75. Nd3 Re6 76. c5 Rh6 77. Ke5 Rh5+ 78. Kd4 c6 79. Ne5 Rh4+ 80. Kc3 Rh6 81. Kb4 Re6 82. Nd3 Kd7 83. Kc4 Re4+ 84. Kc3 Kc7 85. Kb3 Kb7 86. Nb4 Rh4 87. Kc3 Rh3+ 88. Kc4 Ra3 89. Kd4 Kc7 90. Kc4 Ra5 91. Kd4 Rb5 92. Kc4 Kd7 93. Nd5 Rb1 94. Nb4 Rc1+ 95. Kd4 Kc7 96. Nd3 Rd1 97. Kc4 Kb7 98. Nb4 Rb1 99. Kc3 Rh1 100. Kc4 Rh3 101. Kd4 Kc7 102. Kc4 Kd7 103. Kd4 Ke6 104. Nxc6 Rh4+ 105. Kc3 Kd5 106. Nb4+ Kxc5 107. Nd3+ Kb5 108. Ne5 Re4 109. Nd3 Re3 110. Kd4 Rh3 111. Ne5 Rh4+ 112. Kd5 Kb6 113. Nc4+ 1/2-1/2

[Event "NCA Selectivo II Etapa"]
[Site "Managua"]
[Date "2021.07.03"]
[Round "1"]
[White "Izaba, Rodolfo"]
[Black "Simplina, Amor"]
[Result "1/2-1/2"]
[WhiteElo "2024"]
[BlackElo "2085"]
[PlyCount "42"]
[EventDate "2021.07.03"]
[EventType "tourn"]
[EventRounds "9"]
[EventCountry "NCA"]
[SourceTitle "EXT 2022"]
[Source "ChessBase"]
[SourceDate "2021.10.06"]
[SourceVersion "1"]
[SourceVersionDate "2021.10.06"]
[SourceQuality "1"]

1. e4 c5 2. Nf3 d6 3. Bb5+ Bd7 4. Bxd7+ Nxd7 5. 0-0 Ngf6 6. Nc3 g6 7. d4 cxd4 8. Qxd4 Bg7 9. Bg5 0-0 10. Qd2 Re8 11. Rad1 Rc8 12. Rfe1 Qb6 13. Rb1 Qc5 14. h3 a6 15. Bh6 Bh8 16. Be3 Qc6 17. Nd4 Qc4 18. Qe2 Ne5 19. f4 Qxe2 20. Ndxe2 Nc4 21. Bc1 b5 1/2-1/2

[Event "Managua NCA Select-1"]
[Site "Managua"]
[Date "2021.05.16"]
[Round "8"]
[White "Izaba, Rodolfo"]
[Black "Ortiz, Marcos"]
[Result "0-1"]
[WhiteElo "2033"]
[BlackElo "2202"]
[PlyCount "132"]
[EventDate "2021.05.10"]
[EventType "tourn"]
[EventRounds "9"]
[EventCountry "NCA"]
[SourceTitle "EXT 2022"]
[Source "ChessBase"]
[SourceDate "2021.10.06"]
[SourceVersion "1"]
[SourceVersionDate "2021.10.06"]
[SourceQuality "1"]

1. e4 c6 2. d4 d5 3. Nc3 dxe4 4. Nxe4 Nf6 5. Ng3 c5 6. Bb5+ Nbd7 7. N1e2 a6 8. Bd3 cxd4 9. Nxd4 Ne5 10. Be2 Bd7 11. 0-0 e6 12. Re1 Bc5 13. Nb3 Be7 14. Bf4 Ng6 15. Bd6 Bc6 16. Bxe7 Nxe7 17. Nd4 Qb6 18. Nxc6 Nxc6 19. Qd6 Rd8 20. Qa3 Qb4 21. Qb3 Qxb3 22. axb3 Nd4 23. Bd1 Kd7 24. Ra4 Kc7 25. c3 Nc6 26. Nf1 Nd5 27. g3 Nde7 28. Bf3 Rd7 29. Rf4 Ng6 30. Rc4 Rd6 31. h4 Kb6 32. Bxc6 Rxc6 33. Rg4 h5 34. Rd4 Rc7 35. f4 Ne7 36. Red1 Nf5 37. Rd7 Kc6 38. R7d3 Re7 39. Kf2 Rhe8 40. Ne3 Nxe3 41. Rd6+ Kc7 42. Kxe3 g6 43. Ke4 e5 44. f5 gxf5+ 45. Kxf5 e4 46. R6d4 Rg8 47. Kf6 Rge8 48. Re1 e3 49. Re2 Kc6 50. Rc4+ Kd5 51. Rd4+ Kc6 52. Rc4+ Kd6 53. Rd4+ Kc6 54. Kf5 Re6 55. Rd3 Kc5 56. Kf4 Rf6+ 57. Kg5 Rg6+ 58. Kf4 Rf6+ 59. Kg5 Rf3 60. g4 Re5+ 61. Kh6 hxg4 62. b4+ Kc6 63. Rd4 f5 64. Kg5 Rf2 65. Re1 e2 66. Rd2 g3 0-1

[Event "Managua NCA Select-1"]
[Site "Managua"]
[Date "2021.05.12"]
[Round "3"]
[White "Izaba, Rodolfo"]
[Black "Diego Martinez, Humberto Jose"]
[Result "1-0"]
[WhiteElo "2033"]
[BlackElo "2083"]
[PlyCount "87"]
[EventDate "2021.05.10"]
[EventType "tourn"]
[EventRounds "9"]
[EventCountry "NCA"]
[SourceTitle "EXT 2022"]
[Source "ChessBase"]
[SourceDate "2021.10.06"]
[SourceVersion "1"]
[SourceVersionDate "2021.10.06"]
[SourceQuality "1"]

1. e4 c5 2. Nf3 g6 3. Nc3 Bg7 4. g3 Nc6 5. Bg2 d6 6. 0-0 e6 7. d3 Nge7 8. Be3 0-0 9. Qd2 Nd4 10. Bh6 Bxh6 11. Qxh6 Nxf3+ 12. Bxf3 Nc6 13. Bg2 Nd4 14. Qd2 Rb8 15. Nd1 b5 16. c3 Nc6 17. Ne3 Qb6 18. Rad1 Ba6 19. Ng4 Qd8 20. f4 h5 21. Nh6+ Kg7 22. e5 d5 23. f5 Nxe5 24. f6+ Kh7 25. Qg5 Rh8 26. d4 cxd4 27. Qxe5 Kxh6 28. cxd4 Rc8 29. Rc1 Rxc1 30. Rxc1 Kh7 31. Rc7 Rf8 32. b4 Kg8 33. Bf1 Qb8 34. Qf4 Qb6 35. Rc5 Kh7 36. Rc7 Bc8 37. Bd3 e5 38. Qxe5 Kh6 39. h4 Bg4 40. Qf4+ Kh7 41. Bxg6+ Kg8 42. Bxf7+ Rxf7 43. Qg5+ Kh8 44. Qh6+ 1-0

[Event "NCA-ch final"]
[Site "Managua"]
[Date "2021.03.14"]
[Round "6"]
[White "Izaba, Rodolfo"]
[Black "Davila, Carlos"]
[Result "0-1"]
[WhiteElo "2009"]
[BlackElo "2203"]
[PlyCount "100"]
[EventDate "2021.03.06"]
[EventType "tourn"]
[EventRounds "11"]
[EventCountry "NCA"]
[SourceTitle "EXT 2022"]
[Source "ChessBase"]
[SourceDate "2021.10.06"]
[SourceVersion "1"]
[SourceVersionDate "2021.10.06"]
[SourceQuality "1"]

1. e4 e6 2. d4 d5 3. Nc3 Be7 4. Nf3 Nf6 5. e5 Nfd7 6. Bd3 c5 7. dxc5 Nc6 8. Qe2 Nxc5 9. 0-0 0-0 10. a3 f5 11. exf6 Bxf6 12. Bd2 Qe8 13. Rae1 Nxd3 14. Qxd3 Qh5 15. b4 Bd7 16. Nb5 Rad8 17. Nc7 Ne5 18. Qe2 Nxf3+ 19. Qxf3 Qxf3 20. gxf3 Kf7 21. Bf4 Rc8 22. Bd6 Rg8 23. a4 Bxa4 24. Kh1 Rgd8 25. Bg3 e5 26. f4 e4 27. f5 Bxc2 28. Rc1 Bd3 29. Rfe1 b6 30. Ne6 Re8 31. Nc7 Red8 32. Ne6 Rh8 33. Nc7 Bc4 34. Red1 Rhd8 35. Ne6 Rd7 36. Nc5 Re7 37. Ne6 Rxe6 38. fxe6+ Kxe6 39. Bf4 a5 40. Be3 axb4 41. Bxb6 b3 42. Bd4 Bxd4 43. Rxd4 b2 44. Rb1 Be2 45. Kg2 Rc1 46. Rxb2 Bf3+ 47. Kg3 Ke5 48. Rbd2 Rg1+ 49. Kh3 Kf4 50. Rxd5 Rg6 0-1

[Event "NCA-ch sf"]
[Site "Managua"]
[Date "2021.02.14"]
[Round "3"]
[White "Flores, Manuel"]
[Black "Izaba, Rodolfo"]
[Result "1/2-1/2"]
[WhiteElo "1899"]
[BlackElo "2009"]
[PlyCount "77"]
[EventDate "2021.02.13"]
[EventType "swiss"]
[EventRounds "9"]
[EventCountry "NCA"]
[SourceTitle "EXT 2022"]
[Source "ChessBase"]
[SourceDate "2021.10.06"]
[SourceVersion "1"]
[SourceVersionDate "2021.10.06"]
[SourceQuality "1"]

1. d4 Nf6 2. c4 e6 3. Nf3 b6 4. Bg5 Bb7 5. a3 Be7 6. Nc3 d6 7. Qd2 Nbd7 8. d5 Nc5 9. Qc2 a5 10. Bxf6 Bxf6 11. Rd1 0-0 12. e3 Bxc3+ 13. Qxc3 a4 14. Be2 e5 15. 0-0 f5 16. Nd2 f4 17. exf4 Rxf4 18. g3 Rf8 19. Qe3 Bc8 20. f3 Bh3 21. Rf2 Bf5 22. Ne4 Bxe4 23. fxe4 Rxf2 24. Kxf2 Qg5 25. Bf3 Rf8 26. Re1 Qxe3+ 27. Rxe3 Nb3 28. Kg2 Nd4 29. Bd1 Ra8 30. Re1 Ra5 31. Re3 Rc5 32. Rc3 Ra5 33. h4 h6 34. g4 g5 35. hxg5 hxg5 36. Kh3 Ra8 37. Kg2 Kg7 38. Kg3 Rf8 39. Re3 1/2-1/2

[Event "NCA-chT Final"]
[Site "Managua"]
[Date "2020.11.01"]
[Round "9.22"]
[White "Izaba, Rodolfo"]
[Black "Cano, Carlos1111"]
[Result "1-0"]
[WhiteElo "1996"]
[BlackElo "1968"]
[PlyCount "69"]
[EventDate "2020.10.24"]
[EventType "team-tourn"]
[EventRounds "11"]
[EventCountry "NCA"]
[SourceTitle "EXT 2022"]
[Source "ChessBase"]
[SourceDate "2021.10.06"]
[SourceVersion "1"]
[SourceVersionDate "2021.10.06"]
[SourceQuality "1"]

1. e4 d6 2. d4 Nf6 3. Nc3 c6 4. Be2 Nbd7 5. Nf3 e5 6. 0-0 Be7 7. a4 0-0 8. Re1 h6 9. h3 Nh7 10. Bc4 Ng5 11. Bxg5 hxg5 12. dxe5 Nxe5 13. Nxe5 dxe5 14. Qf3 Bf6 15. Rad1 Qe7 16. Ne2 Be6 17. Bxe6 Qxe6 18. Ng3 g6 19. Nf1 Kg7 20. Ne3 Be7 21. Qg4 f5 22. exf5 gxf5 23. Qc4 Qc8 24. g4 fxg4 25. Qxg4 Rf4 26. Qxc8 Rxc8 27. Rd7 Kf8 28. Ng4 Bc5 29. Rxe5 Bd4 30. Rxg5 Re8 31. c3 Re1+ 32. Kg2 Bxf2 33. Rh7 Ke8 34. Rxb7 Bc5 35. Rxc5 1-0

[Event "NCA-chT Final"]
[Site "Managua"]
[Date "2020.11.01"]
[Round "8.6"]
[White "Pilarte, Rene"]
[Black "Izaba, Rodolfo"]
[Result "0-1"]
[WhiteElo "2066"]
[BlackElo "1996"]
[PlyCount "82"]
[EventDate "2020.10.24"]
[EventType "team-tourn"]
[EventRounds "11"]
[EventCountry "NCA"]
[SourceTitle "EXT 2022"]
[Source "ChessBase"]
[SourceDate "2021.10.06"]
[SourceVersion "1"]
[SourceVersionDate "2021.10.06"]
[SourceQuality "1"]

1. Nf3 Nf6 2. g3 b6 3. Bg2 Bb7 4. 0-0 c5 5. c4 g6 6. Nc3 Bg7 7. d4 cxd4 8. Nxd4 Bxg2 9. Kxg2 Qc8 10. b3 h5 11. h4 Nc6 12. Bb2 0-0 13. Rc1 Qb7 14. Kg1 Rad8 15. Nxc6 dxc6 16. Qc2 Qd7 17. Kg2 Qe6 18. Rcd1 Ng4 19. Rxd8 Rxd8 20. Rd1 Rd4 21. Rxd4 Bxd4 22. Qd3 c5 23. Nd1 Nxf2 24. Nxf2 Bxb2 25. Ne4 Bd4 26. e3 Bxe3 27. Nc3 Bd4 28. Nd5 Qe1 29. Qf3 Kg7 30. a4 e6 31. Nf4 e5 32. Nd5 e4 33. Qf1 Qd2+ 34. Kh3 e3 35. Nf4 Qc2 36. Nd5 Qxb3 37. Qf3 Qxc4 38. Nf4 Be5 39. Qxe3 Bxf4 40. gxf4 Qd4 41. Qg3 c4 0-1

[Event "NCA-chT Final"]
[Site "Managua"]
[Date "2020.10.31"]
[Round "6.2"]
[White "Espinoza, Felix"]
[Black "Izaba, Rodolfo"]
[Result "1-0"]
[WhiteElo "2143"]
[BlackElo "1996"]
[PlyCount "81"]
[EventDate "2020.10.24"]
[EventType "team-tourn"]
[EventRounds "11"]
[EventCountry "NCA"]
[SourceTitle "EXT 2022"]
[Source "ChessBase"]
[SourceDate "2021.10.06"]
[SourceVersion "1"]
[SourceVersionDate "2021.10.06"]
[SourceQuality "1"]

1. e4 e5 2. Nf3 Nc6 3. Bb5 a6 4. Ba4 Nf6 5. 0-0 Be7 6. Re1 b5 7. Bb3 d6 8. c3 Bg4 9. d3 Bxf3 10. Qxf3 0-0 11. Nd2 Na5 12. Bc2 Nd7 13. Nf1 Bg5 14. Ne3 g6 15. g3 c5 16. h4 Bh6 17. h5 Bg5 18. Kg2 Nf6 19. Rh1 Rc8 20. Bd2 b4 21. Rh2 d5 22. exd5 Bxe3 23. fxe3 Qxd5 24. e4 Qe6 25. Bh6 Ng4 26. Bxf8 Nxh2 27. Kxh2 Rxf8 28. Rf1 b3 29. axb3 Nxb3 30. hxg6 hxg6 31. Qf6 Qxf6 32. Rxf6 Rb8 33. Rxa6 Nd2 34. Ra2 Nf1+ 35. Kh3 Kg7 36. Ba4 Ne3 37. g4 Kf6 38. Kg3 Kg7 39. Bd7 Rd8 40. Ra7 Nxg4 41. Bxg4 1-0